Fifa 21 Liverpool - Statistics

General Stats
  • This quiz has been taken 183 times
  • The average score is 10 of 12
Answer Stats
Position Player % Correct
RW salah
97%
LW mane
96%
CB van dijk
93%
LB robertson
92%
COACH klopp
91%
ST firmino
89%
CM henderson
87%
CDM fabinho
83%
GK allison
72%
RB trent
72%
CM thiago
66%
CB joe gomez
38%
No matching quizzes found
Score Distribution
Percent of People with Each Score
Percentile by Number Answered
Your Score History
You have not taken this quiz